000
00243nam a2200097Ia 4500
082
_a
EF GRAH
245
0
_a
The unfortunates
100
_a
GRAHAM, Laurie London, 2003
_9
93529
942
_c
BK
008
210817s9999 xx 000 0 und d
999
_c
382109
_d
382108